[Event "Deloitte NED-ch 2019"]
[Site "Amsterdam"]
[Date "2019.07.03"]
[Round "3.2"]
[White "Van den Doel, Erik"]
[Black "Bok, Benjamin"]
[Result "1/2-1/2"]
[WhiteElo "2605"]
[BlackElo "2645"]
[Annotator "ChessBase"]
[PlyCount "40"]
[EventDate "2019.07.01"]
[EventType "tourn"]
[EventCountry "NED"]
[SourceTitle "playchess.com"]
[Source "ChessBase"]
[SourceQuality "1"]
[TimeControl "40/5400+30:1800+30"]

1. d4 {[%emt 0:00:00]} Nf6 {[%emt 0:00:33]} 2. Nf3 {[%emt 0:00:00]} d5 {[%emt 0:00:33]} 3. c4 {[%emt 0:00:00]} e6 {[%emt 0:00:20]} 4. Nc3 {[%emt 0:00:00]} c6 {[%emt 0:00:17]} 5. cxd5 {[%emt 0:00:04]} exd5 {[%emt 0:00:13]} 6. Qc2 {[%emt 0:00:05]} g6 {[%emt 0:07:58]} 7. Bg5 {[%emt 0:00:36]} Be7 {[%emt 0:00:09]} 8. e4 {[%emt 0:01:03]} dxe4 {[%emt 0:23:21]} 9. Bxf6 {[%emt 0:01:12]} Bxf6 {[%emt 0:00:58]} 10. Qxe4+ {[%emt 0:00:06]} Kf8 {[%emt 0:13:48]} 11. Bc4 {[%emt 0:05:06]} Nd7 {[%emt 0:15:14]} 12. O-O {[%emt 0:27:56]} Nb6 {[%emt 0:03:36]} 13. Bb3 {[%emt 0:01:03]} Kg7 {[%emt 0:01:33]} 14. Qf4 {[%emt 0:11:40]} Re8 {[%emt 0:08:04]} 15. Rfe1 {[%emt 0:11:41]} Rxe1+ {[%emt 0:02:47]} 16. Rxe1 {[%emt 0:00:05]} Nd5 {[%emt 0:00:04]} 17. Bxd5 {[%emt 0:06:06]} cxd5 {[%emt 0:00:09]} 18. Nb5 {[%emt 0:00:30]} Bd7 {[%emt 0:02:10]} 19. Nd6 {[%emt 0:03:21]} Be6 {[%emt 0:08:52]} 20. Nxb7 {[%emt 0:12:34]} Qb8 {[%emt 0:00:08]} 1/2-1/2

[Event "Deloitte NED-ch 2019"]
[Site "Amsterdam"]
[Date "2019.07.03"]
[Round "3.4"]
[White "L'Ami, Erwin"]
[Black "Tiviakov, Sergei"]
[Result "1/2-1/2"]
[WhiteElo "2633"]
[BlackElo "2608"]
[Annotator "TA"]
[PlyCount "152"]
[EventDate "2019.07.01"]
[EventType "tourn"]
[EventCountry "NED"]
[SourceTitle "playchess.com"]
[Source "ChessBase"]
[SourceQuality "1"]

{[%evp 13,152,14,12,4,33,33,33,45,37,25,37,31,36,39,45,19,14,0,5,0,6,0,0,-16,0,0,9,0,7,0,20,6,15,0,0,0,19,18,18,18,25,21,25,27,45,45,45,45,45,45,46,46,53,53,68,53,53,53,68,68,68,68,74,76,95,95,101,105,115,110,105,67,67,64,64,62,62,50,43,45,62,60,33,33,82,83,115,118,127,123,187,175,200,135,137,106,107,106,107,103,85,89,192,181,273,58,58,58,58,43,45,43,43,43,147,111,260,43,253,43,43,43,43,43,43,43,43,29,31,0,38,0,48,48,50,50,50,34,47,13,33]} 1. d4 Nf6 2. c4 e6 3. Nf3 b6 4. g3 Bb7 5. Bg2 Be7 6. O-O O-O 7. Re1 Na6 8. a3 {E17: Queen's Indian: 4 g3 Bb7 5 Bg2 Be7} c6 9. e4 d5 10. e5 {White is slightly better.} Ne4 $146 ({Predecessor:} 10... Nd7 11. cxd5 cxd5 12. Nc3 Nc7 13. h4 Rc8 14. Ng5 Qe8 15. Qd3 Bxg5 16. Bxg5 {1-0 (50) Nakamura,H (2792)-Bruzon Batista,L (2643) Tbilisi 2017}) 11. cxd5 cxd5 12. Be3 Rc8 13. Nbd2 Nxd2 14. Qxd2 Nb8 15. h4 Ba6 16. Ng5 Qc7 17. Rac1 Qd7 18. Bh3 Rxc1 (18... Nc6 {looks sharper.} 19. Qd1 h6 20. Nf3 Na5 21. Rxc8 Rxc8 22. Bd2 Nc4) 19. Rxc1 Rc8 20. Rxc8+ Qxc8 21. Qd1 {With the idea Nxf7!} Bxg5 22. Bxg5 Nc6 23. h5 h6 24. Be3 Ne7 25. g4 Qc4 26. Kh2 Kf8 27. Bg2 Ke8 28. Qb1 {Threatens to win with Qh7.} Qd3 29. Qxd3 Bxd3 $14 {[%mdl 4096] Endgame KBB-KBN} 30. Bf3 Nc6 31. Bd1 Kd7 32. Kg3 Na5 33. Bd2 Nc6 34. Bc3 b5 35. Kf3 a5 36. Ke3 Bf1 37. f3 Ke7 38. Bc2 b4 39. Be1 Bb5 40. f4 bxa3 41. bxa3 a4 42. f5 f6 43. exf6+ Kxf6 44. fxe6 Kxe6 45. Bc3 Kf6 46. Kf4 Nd8 47. Be1 {Black must now prevent Bh4+.} Ne6+ 48. Ke3 Bd7 49. Bh4+ Kf7 50. Bg6+ Kf8 51. Bg3 Ke7 (51... Bc6 $16 52. Be5 Bb5) 52. Be5 $18 Bc8 53. Bd3 Ng5 54. Kf4 Bd7 55. Ba6 Bc6 56. Bc8 Kf7 57. Kf5 Ne4 (57... Bb5 $16) 58. Bf4 $1 Nf6 {[#]} (58... Ke7 {was necessary.} 59. Kg6 Kf8) 59. Ke5 $2 (59. Be6+ $1 $18 Ke7 60. Bd2) 59... Ke7 $14 60. Bd2 Nd7+ 61. Kf5 Kf7 62. Bb4 Bb5 63. Kf4 Nf6 (63... Kf6 $14) 64. Ke5 $16 Be2 (64... Ke8 $16 {is a better defense.} 65. Bf5 Be2) 65. Be6+ $18 Ke8 {[#]} 66. Kf4 $2 ({Only move:} 66. g5 $1 $18 {[%cal Rg5f6]} Ng4+ 67. Kf4 (67. Kxd5 hxg5 68. Bd2 Bf3+ 69. Kd6 Nf6 $16) 67... hxg5+ 68. Kxg5) 66... Bb5 $14 67. Bf5 {Bg6+ is the strong threat.} Be2 $1 68. Bd6 Kf7 69. Be5 Bd1 70. Bg6+ Ke6 71. Bf5+ Kf7 72. Bd6 Be2 $1 73. Bc5 Bd1 74. Bb6 Be2 75. Bd8 Bd1 76. Bxf6 Kxf6 {Accuracy: White = 62%, Black = 58%.} 1/2-1/2

[Event "Deloitte NED-ch 2019"]
[Site "Amsterdam"]
[Date "2019.07.03"]
[Round "3.7"]
[White "Van Foreest, Lucas"]
[Black "Werle, Jan"]
[Result "1-0"]
[WhiteElo "2521"]
[BlackElo "2555"]
[Annotator "ChessBase"]
[PlyCount "73"]
[EventDate "2019.07.01"]
[EventType "tourn"]
[EventCountry "NED"]
[SourceTitle "playchess.com"]
[Source "ChessBase"]
[SourceQuality "1"]
[TimeControl "40/5400+30:1800+30"]

1. Nf3 {[%emt 0:00:00]} Nf6 {[%emt 0:00:03]} 2. c4 {[%emt 0:00:00]} e6 {[%emt 0:00:06]} 3. g3 {[%emt 0:00:00]} d5 {[%emt 0:00:26]} 4. Bg2 {[%emt 0:00:00]} dxc4 {[%emt 0:03:31]} 5. Qa4+ {[%emt 0:00:10]} Nbd7 {[%emt 0:00:21]} 6. Qxc4 {[%emt 0:01:53]} a6 {[%emt 0:02:16]} 7. Qc2 {[%emt 0:03:54]} c5 {[%emt 0:02:12]} 8. O-O {[%emt 0:00:21]} Be7 {[%emt 0:00:40]} 9. d4 {[%emt 0:04:10]} O-O {[%emt 0:07:00]} 10. Rd1 {[%emt 0:01:39]} Qb6 {[%emt 0:11:54]} 11. Nc3 {[%emt 0:19:50]} Qa7 {[%emt 0:04:13]} 12. e4 {[%emt 0:05:47]} cxd4 {[%emt 0:07:08]} 13. Nxd4 {[%emt 0:00:19]} Ng4 {[%emt 0:05:26]} 14. h3 {[%emt 0:18:44]} Bc5 {[%emt 0:04:04]} 15. hxg4 {[%emt 0:00:26]} Bxd4 {[%emt 0:00:05]} 16. Qd2 {[%emt 0:02:14]} e5 {[%emt 0:03:59]} 17. Nd5 {[%emt 0:00:05]} Nc5 {[%emt 0:03:02]} 18. Qe2 {[%emt 0:07:27]} Bd7 {[%emt 0:03:37]} 19. g5 {[%emt 0:03:29]} Rad8 {[%emt 0:07:50]} 20. Rxd4 {[%emt 0:00:20]} exd4 {[%emt 0:00:05]} 21. Qh5 {[%emt 0:00:08]} Kh8 {[%emt 0:06:00]} 22. Bf4 {[%emt 0:02:05]} Nd3 {[%emt 0:04:04]} 23. Bc7 {[%emt 0:02:46]} Be6 {[%emt 0:04:48]} 24. Bb6 {[%emt 0:02:20]} Qb8 {[%emt 0:00:13]} 25. Bxd4 {[%emt 0:00:04]} Bxd5 {[%emt 0:02:46]} 26. exd5 {[%emt 0:00:27]} Rde8 {[%emt 0:01:25]} 27. Rd1 {[%emt 0:03:53]} Ne5 {[%emt 0:01:30]} 28. Be4 {[%emt 0:02:27]} Ng6 {[%emt 0:01:37]} 29. Bf3 {[%emt 0:02:49]} Ne5 {[%emt 0:04:50]} 30. Kg2 {[%emt 0:00:49]} Qd6 {[%emt 0:08:50]} 31. Be4 {[%emt 0:01:11]} h6 {[%emt 0:00:07]} 32. Rh1 {[%emt 0:02:51]} Kg8 {[%emt 0:01:15]} 33. f4 {[%emt 0:03:29]} Nc6 {[%emt 0:00:31]} 34. gxh6 {[%emt 0:01:05]} Qxh6 {[%emt 0:00:22]} 35. Bh7+ {[%emt 0:00:53]} Kh8 {[%emt 0:00:32]} 36. Qxh6 {[%emt 0:00:10]} Re2+ {[%emt 0:00:25]} 37. Kf1 {[%emt 0:00:16]} 1-0

[Event "Deloitte NED-ch 2019"]
[Site "Amsterdam"]
[Date "2019.07.04"]
[Round "4.1"]
[White "L'Ami, Erwin"]
[Black "Van den Doel, Erik"]
[Result "1/2-1/2"]
[WhiteElo "2633"]
[BlackElo "2605"]
[Annotator "RC"]
[PlyCount "116"]
[EventDate "2019.07.01"]
[EventType "tourn"]
[EventCountry "NED"]
[SourceTitle "playchess.com"]
[Source "ChessBase"]
[SourceQuality "1"]
[TimeControl "40/5400+30:1800+30"]

1. d4 {[%emt 0:00:00]} d5 {[%emt 0:00:00]} 2. c4 {[%emt 0:00:00]} dxc4 {[%emt 0:00:00]} 3. e4 {[%emt 0:00:00]} Nf6 {[%emt 0:00:00]} 4. e5 {[%emt 0:00:03]} Nd5 {[%emt 0:00:00]} 5. Bxc4 {[%emt 0:00:12]} Nb6 {[%emt 0:00:09]} 6. Bd3 {[%emt 0:00:17]} Nc6 {[%emt 0:00:11]} 7. Be3 {[%emt 0:00:11]} Nb4 {[%emt 0:02:51]} 8. Be4 {[%emt 0:00:16]} N4d5 {[%emt 0:01:16]} 9. Nc3 {[%emt 0:03:15]} Be6 {[%emt 0:00:42]} 10. Nf3 {[%emt 0:03:11]} Qd7 {[%emt 0:23:05]} 11. Ng5 {[%emt 0:09:11]} Bg4 {[%emt 0:08:08]} 12. Bxd5 {[%emt 0:12:36]} Nxd5 {[%emt 0:10:11]} 13. Qb3 {[%emt 0:01:42]} c6 {[%emt 0:00:35]} 14. h3 {[%emt 0:03:00]} Bf5 {[%emt 0:09:27]} 15. Nxd5 {[%emt 0:10:10]} cxd5 {[%emt 0:21:56]} 16. g4 {[%emt 0:02:24]} h6 {[%emt 0:01:24]} 17. Nxf7 {[%emt 0:04:21]} Kxf7 {[%emt 0:00:07]} 18. gxf5 {[%emt 0:00:09]} Qxf5 {[%emt 0:00:02]} 19. Qxd5+ {[%emt 0:10:05]} e6 {[%emt 0:00:13]} 20. Qxb7+ {[%emt 0:04:51]} Be7 {[%emt 0:00:33]} 21. Rg1 {[%emt 0:02:44]} g5 {[%emt 0:05:17]} 22. Rg3 {[%emt 0:07:18]} Rab8 {[%emt 0:00:31]} 23. Qf3 {[%emt 0:03:27]} Rxb2 {[%emt 0:01:01]} 24. Rc1 {[%emt 0:02:53]} Rhb8 {[%emt 0:04:12]} 25. Kf1 {[%emt 0:03:44]} Qxf3 {[%emt 0:05:01]} 26. Rxf3+ {[%emt 0:00:06]} Ke8 {[%emt 0:00:03]} 27. d5 {[%emt 0:03:40]} Rxa2 {[%emt 0:02:02]} 28. Rc6 {[%emt 0:06:48]} Rb1+ {[%emt 0:01:53]} 29. Kg2 {[%emt 0:00:05]} Raa1 {[%emt 0:00:05]} 30. Rf6 {[%emt 0:01:04]} Bxf6 {[%emt 0:00:37]} 31. Rxe6+ {[%emt 0:04:08]} Be7 {[%emt 0:00:04]} 32. d6 {[%emt 0:00:16]} Rb7 {[%emt 0:00:11]} 33. Rxh6 {[%emt 0:01:12]} Bf8 {[%emt 0:01:48]} 34. Rh8 {[%emt 0:01:10]} Kf7 {[%emt 0:02:04]} 35. e6+ {[%emt 0:01:13]} Kxe6 {[%emt 0:00:13]} 36. Rxf8 {[%emt 0:00:05]} Kxd6 {[%emt 0:01:02]} 37. Bxg5 {[%emt 0:00:26]} a5 {[%emt 0:00:17]} 38. Ra8 {[%emt 0:00:58]} a4 {[%emt 0:00:15]} 39. h4 {[%emt 0:00:15]} Rb4 {[%emt 0:01:07]} 40. Bf6 {[%emt 0:01:48]} Ra3 {[%emt 0:00:27]} 41. f3 {[%emt 0:07:15]} Rf4 {[%emt 0:16:20]} 42. Ra6+ {[%emt 0:02:46]} Kd5 {[%emt 0:02:13]} 43. Be7 {[%emt 0:02:36]} Rb3 {[%emt 0:02:22]} 44. Bg5 {[%emt 0:01:39]} Rfxf3 {[%emt 0:01:06]} 45. Rxa4 {[%emt 0:00:35]} Rfc3 {[%emt 0:01:18]} 46. Rf4 {[%emt 0:01:12]} Ke5 {[%emt 0:00:22]} 47. Rf8 {[%emt 0:00:28]} Rg3+ {[%emt 0:01:00]} 48. Kf2 {[%emt 0:00:25]} Rh3 {[%emt 0:00:32]} 49. Kg2 {[%emt 0:00:20]} Rhd3 {[%emt 0:00:37]} 50. Rf7 {[%emt 0:00:08]} Rd1 {[%emt 0:00:40]} 51. Rf2 {[%emt 0:00:49]} Rbb1 {[%emt 0:00:31]} 52. Rf6 {[%emt 0:02:39]} Rg1+ {[%emt 0:00:54]} 53. Kh2 {[%emt 0:00:15]} Rh1+ {[%emt 0:00:34]} 54. Kg2 {[%emt 0:00:09]} Rbg1+ {[%emt 0:00:17]} 55. Kf2 {[%emt 0:00:06]} Rg4 {[%emt 0:00:25]} 56. Ra6 {[%emt 0:00:25]} Rb4 {[%emt 0:04:09]} 57. Kg2 {[%emt 0:00:16]} Rbb1 {[%emt 0:00:06]} 58. Rf6 {[%emt 0:00:47]} Rhg1+ {[%emt 0:02:40]} 1/2-1/2

[Event "Deloitte NED-ch 2019"]
[Site "Amsterdam"]
[Date "2019.07.04"]
[Round "4.2"]
[White "Bok, Benjamin"]
[Black "Van Foreest, Jorden"]
[Result "1/2-1/2"]
[WhiteElo "2645"]
[BlackElo "2612"]
[Annotator "RC"]
[PlyCount "38"]
[EventDate "2019.07.01"]
[EventType "tourn"]
[EventCountry "NED"]
[SourceTitle "playchess.com"]
[Source "ChessBase"]
[SourceQuality "1"]
[TimeControl "40/5400+30:1800+30"]

1. Nf3 {[%emt 0:00:00]} Nf6 {[%emt 0:00:00]} 2. c4 {[%emt 0:00:00]} g6 {[%emt 0:00:00]} 3. b3 {[%emt 0:04:40]} Bg7 {[%emt 0:00:44]} 4. Bb2 {[%emt 0:00:08]} O-O {[%emt 0:02:02]} 5. g3 {[%emt 0:01:00]} d6 {[%emt 0:01:28]} 6. Bg2 {[%emt 0:19:50]} e5 {[%emt 0:01:28]} 7. d3 {[%emt 0:06:54]} Nc6 {[%emt 0:03:00]} 8. O-O {[%emt 0:01:28]} Nh5 {[%emt 0:00:33]} 9. Nc3 {[%emt 0:03:23]} f5 {[%emt 0:02:37]} 10. e3 {[%emt 0:02:49]} Nf6 {[%emt 0:07:50]} 11. a3 {[%emt 0:06:20]} a5 {[%emt 0:04:46]} 12. Rb1 {[%emt 0:01:40]} h6 {[%emt 0:00:21]} 13. Ba1 {[%emt 0:02:19]} g5 {[%emt 0:01:37]} 14. b4 {[%emt 0:08:19]} axb4 {[%emt 0:03:43]} 15. axb4 {[%emt 0:00:42]} Ne7 {[%emt 0:02:37]} 16. c5 {[%emt 0:07:23]} Ng6 {[%emt 0:06:26]} 17. Qb3+ {[%emt 0:01:22]} Kh7 {[%emt 0:00:48]} 18. cxd6 {[%emt 0:00:25]} cxd6 {[%emt 0:02:50]} 19. Rfc1 {[%emt 0:02:42]} g4 {[%emt 0:11:16]} 1/2-1/2

[Event "Deloitte NED-ch 2019"]
[Site "Amsterdam"]
[Date "2019.07.04"]
[Round "4.4"]
[White "Sokolov, Ivan"]
[Black "Van Foreest, Lucas"]
[Result "0-1"]
[WhiteElo "2584"]
[BlackElo "2521"]
[Annotator "ChessBase"]
[PlyCount "62"]
[EventDate "2019.07.01"]
[EventType "tourn"]
[EventCountry "NED"]
[SourceTitle "playchess.com"]
[Source "ChessBase"]
[SourceQuality "1"]
[TimeControl "40/5400+30:1800+30"]

1. d4 {[%emt 0:00:00]} Nf6 {[%emt 0:00:00]} 2. c4 {[%emt 0:00:00]} e6 {[%emt 0:00:00]} 3. Nf3 {[%emt 0:00:00]} d5 {[%emt 0:00:00]} 4. Nc3 {[%emt 0:00:00]} dxc4 {[%emt 0:00:00]} 5. e4 {[%emt 0:00:17]} Bb4 {[%emt 0:00:00]} 6. Bg5 {[%emt 0:00:12]} h6 {[%emt 0:00:05]} 7. Bxf6 {[%emt 0:00:06]} Qxf6 {[%emt 0:00:03]} 8. Bxc4 {[%emt 0:00:19]} c5 {[%emt 0:00:13]} 9. e5 {[%emt 0:00:40]} Qd8 {[%emt 0:00:08]} 10. O-O {[%emt 0:00:08]} O-O {[%emt 0:00:12]} 11. Ne4 {[%emt 0:00:53]} cxd4 {[%emt 0:00:05]} 12. Qe2 {[%emt 0:00:08]} Be7 {[%emt 0:00:03]} 13. Rfd1 {[%emt 0:01:20]} Qa5 {[%emt 0:00:07]} 14. a3 {[%emt 0:00:45]} Rd8 {[%emt 0:00:08]} 15. b4 {[%emt 0:00:50]} Qb6 {[%emt 0:00:04]} 16. g4 {[%emt 0:00:49]} Nd7 {[%emt 0:00:03]} 17. Rac1 {[%emt 0:02:05]} Qc7 {[%emt 0:00:05]} 18. Bxe6 {[%emt 0:00:38]} Qb6 {[%emt 0:00:04]} 19. Bf5 {[%emt 0:03:08]} Nf8 {[%emt 0:00:05]} 20. Bxc8 {[%emt 0:07:03]} Raxc8 {[%emt 0:00:18]} 21. Rxc8 {[%emt 0:00:07]} Rxc8 {[%emt 0:00:02]} 22. Nxd4 {[%emt 0:00:04]} Ng6 {[%emt 0:10:15]} 23. Ng3 {[%emt 0:04:46]} Rd8 {[%emt 0:29:57]} 24. Ngf5 {[%emt 0:20:32]} Bg5 {[%emt 0:03:15]} 25. Qe4 {[%emt 0:07:28]} Bf4 {[%emt 0:10:42]} 26. h4 {[%emt 0:06:33]} Bxe5 {[%emt 0:03:41]} 27. h5 {[%emt 0:00:18]} Re8 {[%emt 0:05:13]} 28. Kh1 {[%emt 0:08:42]} Nf4 {[%emt 0:01:28]} 29. Re1 {[%emt 0:03:47]} Qa6 {[%emt 0:03:33]} 30. Qf3 {[%emt 0:04:09]} Qd3 {[%emt 0:11:02]} 31. Rxe5 {[%emt 0:13:36]} Rxe5 {[%emt 0:00:39]} 0-1

[Event "Deloitte NED-ch 2019"]
[Site "Amsterdam"]
[Date "2019.07.04"]
[Round "4.7"]
[White "Tiviakov, Sergei"]
[Black "Werle, Jan"]
[Result "1/2-1/2"]
[WhiteElo "2608"]
[BlackElo "2555"]
[Annotator "RC"]
[PlyCount "31"]
[EventDate "2019.07.01"]
[EventType "tourn"]
[EventCountry "NED"]
[SourceTitle "playchess.com"]
[Source "ChessBase"]
[SourceQuality "1"]
[TimeControl "40/5400+30:1800+30"]

1. e4 {[%emt 0:00:00]} e6 {[%emt 0:00:00]} 2. d4 {[%emt 0:00:00]} d5 {[%emt 0:00:00]} 3. Nd2 {[%emt 0:00:00]} c5 {[%emt 0:00:00]} 4. exd5 {[%emt 0:00:13]} Qxd5 {[%emt 0:00:00]} 5. dxc5 {[%emt 0:00:27]} Nf6 {[%emt 0:00:49]} 6. Ngf3 {[%emt 0:00:11]} Qxc5 {[%emt 0:00:23]} 7. Bd3 {[%emt 0:00:23]} Nbd7 {[%emt 0:01:34]} 8. O-O {[%emt 0:04:58]} Qc7 {[%emt 0:00:30]} 9. Qe2 {[%emt 0:00:34]} Nc5 {[%emt 0:02:10]} 10. Bc4 {[%emt 0:00:51]} Be7 {[%emt 0:02:27]} 11. b3 {[%emt 0:11:34]} O-O {[%emt 0:01:46]} 12. Bb2 {[%emt 0:00:13]} b6 {[%emt 0:05:39]} 13. a4 {[%emt 0:07:44]} Bb7 {[%emt 0:02:34]} 14. Be5 {[%emt 0:17:47]} Bd6 {[%emt 0:22:45]} 15. a5 {[%emt 0:00:59]} Rad8 {[%emt 0:08:45]} 16. axb6 {[%emt 0:02:45]} 1/2-1/2

[Event "Deloitte NED-ch 2019"]
[Site "Amsterdam"]
[Date "2019.07.05"]
[Round "5.1"]
[White "Van Foreest, Lucas"]
[Black "Bok, Benjamin"]
[Result "1-0"]
[WhiteElo "2521"]
[BlackElo "2645"]
[Annotator "RC"]
[PlyCount "141"]
[EventDate "2019.07.01"]
[EventType "tourn"]
[EventCountry "NED"]
[SourceTitle "playchess.com"]
[Source "ChessBase"]
[SourceQuality "1"]
[TimeControl "40/5400+30:1800+30"]

1. e4 {[%emt 0:00:00]} c5 {[%emt 0:00:06]} 2. Nf3 {[%emt 0:00:00]} d6 {[%emt 0:00:04]} 3. d4 {[%emt 0:00:00]} cxd4 {[%emt 0:00:04]} 4. Nxd4 {[%emt 0:00:00]} Nf6 {[%emt 0:00:08]} 5. Nc3 {[%emt 0:00:00]} a6 {[%emt 0:00:09]} 6. Bg5 {[%emt 0:00:00]} Nbd7 {[%emt 0:00:07]} 7. Bc4 {[%emt 0:00:00]} Qb6 {[%emt 0:00:20]} 8. Bb3 {[%emt 0:00:02]} e6 {[%emt 0:00:52]} 9. Bxf6 {[%emt 0:00:04]} Nxf6 {[%emt 0:00:53]} 10. Qd2 {[%emt 0:00:25]} g6 {[%emt 0:12:32]} 11. O-O-O {[%emt 0:00:14]} Bd7 {[%emt 0:02:28]} 12. f4 {[%emt 0:07:53]} Bh6 {[%emt 0:04:44]} 13. Kb1 {[%emt 0:03:46]} O-O-O {[%emt 0:05:52]} 14. Rhf1 {[%emt 0:00:44]} Kb8 {[%emt 0:13:30]} 15. Qe1 {[%emt 0:00:10]} Bg7 {[%emt 0:03:49]} 16. h3 {[%emt 0:08:50]} Rhf8 {[%emt 0:06:44]} 17. f5 {[%emt 0:04:25]} gxf5 {[%emt 0:06:35]} 18. exf5 {[%emt 0:00:08]} e5 {[%emt 0:00:48]} 19. Nde2 {[%emt 0:06:57]} Bc6 {[%emt 0:07:02]} 20. g4 {[%emt 0:00:04]} h6 {[%emt 0:02:02]} 21. Qg3 {[%emt 0:00:34]} Bh8 {[%emt 0:03:04]} 22. h4 {[%emt 0:03:19]} h5 {[%emt 0:07:32]} 23. g5 {[%emt 0:00:51]} Ng4 {[%emt 0:00:03]} 24. Nd5 {[%emt 0:05:29]} Bxd5 {[%emt 0:03:30]} 25. Bxd5 {[%emt 0:00:04]} Ne3 {[%emt 0:01:15]} 26. f6 {[%emt 0:06:08]} Rc8 {[%emt 0:00:35]} 27. Bb3 {[%emt 0:02:12]} a5 {[%emt 0:05:15]} 28. Rxd6 {[%emt 0:06:51]} Qxd6 {[%emt 0:03:28]} 29. Qxe3 {[%emt 0:00:36]} a4 {[%emt 0:08:09]} 30. Bxa4 {[%emt 0:00:32]} Rc4 {[%emt 0:00:29]} 31. Nc3 {[%emt 0:02:34]} Rd8 {[%emt 0:00:49]} 32. a3 {[%emt 0:03:31]} Qd4 {[%emt 0:00:10]} 33. Qg3 {[%emt 0:00:31]} Rxc3 {[%emt 0:01:03]} 34. Qxc3 {[%emt 0:01:25]} Qxa4 {[%emt 0:00:01]} 35. Qxe5+ {[%emt 0:00:07]} Ka7 {[%emt 0:02:40]} 36. Qc7 {[%emt 0:07:23]} Qd7 {[%emt 0:00:34]} 37. Qxd7 {[%emt 0:00:58]} Rxd7 {[%emt 0:00:01]} 38. Re1 {[%emt 0:00:09]} Rd6 {[%emt 0:00:57]} 39. b4 {[%emt 0:03:48]} Bxf6 {[%emt 0:00:33]} 40. gxf6 {[%emt 0:00:01]} Rxf6 {[%emt 0:00:07]} 41. Re5 {[%emt 0:30:13]} Rf1+ {[%emt 0:06:21]} 42. Kb2 {[%emt 0:00:00]} f5 {[%emt 0:00:07]} 43. c4 {[%emt 0:00:00]} Rf4 {[%emt 0:09:33]} 44. c5 {[%emt 0:00:00]} Rxh4 {[%emt 0:08:59]} 45. Rxf5 {[%emt 0:00:00]} Rh1 {[%emt 0:02:13]} 46. Rf7 {[%emt 0:00:00]} Ka6 {[%emt 0:04:43]} 47. Kb3 {[%emt 0:00:00]} h4 {[%emt 0:01:36]} 48. Ka4 {[%emt 0:00:00]} b5+ {[%emt 0:00:51]} 49. cxb6 {[%emt 0:00:00]} h3 {[%emt 0:00:19]} 50. b7 {[%emt 0:00:00]} Ka7 {[%emt 0:00:01]} 51. Rh7 {[%emt 0:00:00]} h2 {[%emt 0:00:35]} 52. Kb5 {[%emt 0:00:00]} Ra1 {[%emt 0:00:44]} 53. Rxh2 {[%emt 0:00:00]} Rxa3 {[%emt 0:00:06]} 54. b8=B+ {[%emt 0:00:00]} Kxb8 {[%emt 0:00:14]} 55. Kb6 {[%emt 0:00:00]} Kc8 {[%emt 0:01:26]} 56. Rh8+ {[%emt 0:00:00]} Kd7 {[%emt 0:00:01]} 57. b5 {[%emt 0:00:00]} Rb3 {[%emt 0:00:20]} 58. Rb8 {[%emt 0:00:00]} Rb1 {[%emt 0:00:50]} 59. Ka7 {[%emt 0:00:00]} Rb2 {[%emt 0:00:55]} 60. b6 {[%emt 0:00:00]} Rb1 {[%emt 0:00:30]} 61. Rh8 {[%emt 0:00:00]} Ra1+ {[%emt 0:00:26]} 62. Kb7 {[%emt 0:00:00]} Rb1 {[%emt 0:00:32]} 63. Rh2 {[%emt 0:00:00]} Ra1 {[%emt 0:00:28]} 64. Rd2+ {[%emt 0:00:00]} Ke6 {[%emt 0:00:33]} 65. Kb8 {[%emt 0:00:00]} Ke7 {[%emt 0:00:32]} 66. b7 {[%emt 0:00:00]} Ke6 {[%emt 0:00:28]} 67. Rd4 {[%emt 0:00:00]} Ke7 {[%emt 0:00:29]} 68. Kc7 {[%emt 0:00:20]} Rc1+ {[%emt 0:00:02]} 69. Kb6 {[%emt 0:00:09]} Rb1+ {[%emt 0:00:03]} 70. Kc6 {[%emt 0:00:05]} Rb2 {[%emt 0:00:46]} 71. Rd5 {[%emt 0:00:07]} 1-0